Imiona władców Polski - Statystyki

Ogólne statystyki
  • Ten quiz został rozwiązany 125 razy
  • Średni wynik to 13 z 20
Statystyki odpowiedzi
Liczba władców Imię % Poprawnych
7 Bolesław
95%
4 Kazimierz
95%
4 Mieszko
95%
7 Władysław
95%
2 Stanisław
94%
3 Jan
84%
3 Zygmunt
80%
2 August
78%
4 Henryk
70%
1 Stefan
65%
1 Michał
54%
1 Jadwiga
53%
2 Leszek
46%
1 Przemysł
46%
1 Ludwik
45%
1 Aleksander
43%
2 Wacław
42%
1 Anna
41%
1 Konrad
31%
1 Bezprym
27%
Nie znaleziono quizów pasujących do podanych kryteriów
Rozkład punktacji
Procent ludzi z każdym wynikiem
Percentyl według liczby udzielonych odpowiedzi
Twoja historia wyników
Nie rozwiązałeś tego quizu